Les 25 plus grands succès du cinéma français - Statistiques

Statistiques générales
  • Ce quiz a été pris 364 fois
  • Le résultat moyen est 9 sur 25
Statistiques - réponses
Rang Réalisateur Année Film % Correct
1 Dany Boon 2008 Bienvenue chez les Ch'tis
94%
14 Francis Veber 1998 Le diner {de cons}
80%
21 Jean-Pierre Jeunet 2001 Le fabuleux {destin d'Amélie Poulain}
73%
15 Luc Besson 1988 Le grand {bleu}
73%
13 Yves Robert 1962 La guerre {des boutons}
70%
2 Eric Toledano / Olivier Nakache 2011 Intouchables
66%
4 Alain Chabat 2002 Astérix et Obélix : Mission Cléopâtre
57%
23 Dany Boon 2011 Rien {à déclarer}
51%
3 Gérard Oury 1966 La Grande Vadrouille
50%
11 Coline Serreau 1985 Trois hommes {et un couffin}
43%
5 Jean-Marie Poiré 1993 Les Visiteurs
40%
19 Henri Verneuil 1959 La Vache et le {Prisonnier}
37%
17 Claude Zidi 1999 Astérix et Obélix {contre César}
32%
25 Jean-Marie Poiré 1998 Les {Couloirs du temps} : Les Visiteurs 2
27%
16 Jean-Jacques Annaud 1988 L'{Ours}
26%
8 Gérard Oury 1965 Le Corniaud
25%
22 Christophe Barratier 2004 Les {Choristes}
23%
7 Philippe de Chauveron 2014 Qu'est ce qu'on a fait au Bon Dieu ?
22%
10 Gérard Krawczyk 2000 Taxi 2
16%
9 Patrice Leconte 2006 Les Bronzés 3 : Amis pour la vie
10%
18 Just Jaeckin 1974 Emmanuelle
9%
6 Julien Duvivier 1952 Le Petit monde de Don Camillo
7%
12 Jean-Paul Le Chanois 1957 Les {Misérables}
6%
24 Richard Pottier 1952 Violettes {impériales}
5%
20 Alexander Esway 1947 Le bataillon {du ciel}
3%
Aucun quiz correspondant
Distribution des résultats
% des personnes avec chaque résultat
Percentile par nombre de réponses
Votre historique - résultats
Vous n’avez pas pris ce quiz